| 000 | 01164cam a2200337 i 4500 | ||
|---|---|---|---|
| 001 | 18020741 | ||
| 005 | 20170105102934.0 | ||
| 008 | 140128s2014 pk ab b 000 0 eng | ||
| 010 | _a 2014311069 | ||
| 020 | _a9789694949888 | ||
| 040 |
_aDLC _beng _cDLC _erda |
||
| 042 |
_alcode _apcc |
||
| 043 |
_an-us--- _aaz----- _aa-pk--- |
||
| 050 | 0 | 0 |
_aDS389 _b.I63 2014 |
| 082 |
_a320.95491 _bIQB 2014 |
||
| 100 | 1 | _aIqbal, Shaukat. | |
| 245 | 1 | 4 |
_aThe new great game and security challenges for Pakistan / _cMajor Gen. Shaukat Iqbal. |
| 250 | _aFirst edition. | ||
| 300 |
_axv, 281 pages : _billustrations, maps ; _c23 cm |
||
| 504 | _aIncludes bibliographical references (pages 276-281). | ||
| 650 | 0 |
_aNational security _xPakistan. |
|
| 650 | 0 |
_aGeopolitics _zPakistan. |
|
| 650 | 0 |
_aGeopolitics _zSouth Asia. |
|
| 651 | 0 |
_aPakistan _xPolitics and government _y21st century. |
|
| 651 | 0 |
_aPakistan _xStrategic aspects. |
|
| 651 | 0 |
_aSouth Asia _xForeign relations _zUnited States. |
|
| 651 | 0 |
_aUnited States _xForeign relations _zSouth Asia. |
|
| 906 |
_a7 _bcbc _corigode _d3 _encip _f20 _gy-gencatlg |
||
| 942 |
_2ddc _cBK |
||
| 999 |
_c16159 _d16159 |
||